| 000 | 00599cam6a220021700 4500 | ||
|---|---|---|---|
| 001 | zam00001969 | ||
| 008 | 951128s1977 xx eng u | ||
| 035 | _a(Sirsi) r19349 | ||
| 035 | _a(MACHINE)SLC. | ||
| 100 |
_aLancasters, F. W. _6A80184.1 |
||
| 245 | 1 | 4 | _aThe measurement and evaluation of library. |
| 260 | _c1977. | ||
| 949 |
_aZ678 _wlcc _mMAIN _tBOOK _lON-SHELF |
||
| 004 | 19349 | ||
| 591 | _aClass code: LS 316. | ||
| 591 | _aCourse: Library management. | ||
| 591 | _aSchool: S03. | ||
| 591 | _aLecturer: Mr. KALUSOPA, T. | ||
| 591 | _aNumber of Students: 20. | ||
| 909 | _aBook | ||
| 999 |
_c168486 _d168486 |
||